| 000 | 00532nam a2200157 a 4500 | ||
|---|---|---|---|
| 001 | 000036399 | ||
| 005 | 20200930075718.0 | ||
| 008 | 120117s2001 mx d 000 0 spa d | ||
| 020 | _a9706920579 | ||
| 040 |
_aDO-SdBNP _bspa _cBNPHU |
||
| 082 |
_axxx _bA174 |
||
| 100 | 1 |
_aAcevedo Fernández, Juan José _962606 |
|
| 245 | 1 | 0 |
_aCanales de potasio (Maxi-K y Katp ) en la actividad eléctrica neuronal / _cJuan José Acevedo Fernández. |
| 260 |
_aColima, México : _bUniversidad de Colima, _c2001. |
||
| 300 |
_a59 p. : _bdiagrs ; _c21 cm. |
||
| 999 |
_c35890 _d35890 |
||